[Event "GER-ch50 V05 email"]
[Site "GER email"]
[Date "2018.05.15"]
[Round "?"]
[White "Emrich, Eiko"]
[Black "Stieger, Helmut G"]
[Result "1/2-1/2"]
[WhiteElo "2331"]
[BlackElo "2363"]
[PlyCount "67"]
[EventDate "2018.??.??"]
[EventType "tourn (corr)"]
[EventRounds "10"]
[EventCountry "GER"]
[SourceTitle "Corr 2020"]
[Source "ChessBase"]
[SourceDate "2019.09.30"]
[SourceVersion "1"]
[SourceVersionDate "2019.09.30"]
[SourceQuality "1"]

1. Nf3 d5 2. g3 c6 3. Bg2 Nf6 4. 0-0 Bg4 5. d4 Nbd7 6. Nbd2 e6 7. Re1 Be7 8. e4 h6 9. h3 Bh5 10. e5 Nh7 11. c4 Ng5 12. b3 0-0 13. h4 Nxf3+ 14. Bxf3 Bxf3 15. Nxf3 Qe8 16. Kg2 f6 17. Bf4 fxe5 18. Bxe5 Qg6 19. Re3 Rf7 20. Qb1 Qh5 21. Qd3 Raf8 22. Rf1 g5 23. cxd5 cxd5 24. hxg5 hxg5 25. Rh1 Nxe5 26. dxe5 Qg4 27. Qg6+ Rg7 28. Qh5 Qxh5 29. Rxh5 g4 30. Nd4 Bc5 31. Nxe6 Bxe3 32. Nxf8 Kxf8 33. fxe3 Ke7 34. Rh6 1/2-1/2

[Event "GER-ch48 sf02 email"]
[Site "GER email"]
[Date "2016.07.03"]
[Round "?"]
[White "Milde, Lars"]
[Black "Stieger, Helmut G"]
[Result "0-1"]
[WhiteElo "2303"]
[BlackElo "2353"]
[PlyCount "56"]
[EventDate "2016.??.??"]
[EventType "tourn (corr)"]
[EventRounds "12"]
[EventCountry "GER"]
[SourceTitle "Corr 2017"]
[Source "ChessBase"]
[SourceDate "2017.09.19"]
[SourceVersion "1"]
[SourceVersionDate "2017.09.19"]
[SourceQuality "1"]

1. d4 Nf6 2. c4 g6 3. Nc3 Bg7 4. e4 d6 5. f3 0-0 6. Be3 c5 7. Nge2 Nc6 8. d5 Ne5 9. Ng3 h5 10. Be2 h4 11. Nf1 e6 12. Nd2 exd5 13. cxd5 Bd7 14. 0-0 b5 15. Nxb5 Bxb5 16. Bxb5 Rb8 17. a4 Nh5 18. f4 Nd7 19. Rb1 Re8 20. f5 Qe7 21. b3 Bc3 22. Qc2 Bg7 23. Rbe1 Rf8 24. Bxd7 Qxd7 25. Nc4 Nf6 26. Bd2 Rbe8 27. Bc3 Qd8 28. fxg6 fxg6 0-1

[Event "GER-ch46 V10 email"]
[Site "GER email"]
[Date "2014.04.03"]
[Round "?"]
[White "Krebs, Juergen"]
[Black "Stieger, Helmut G"]
[Result "1/2-1/2"]
[WhiteElo "2048"]
[BlackElo "2176"]
[PlyCount "59"]
[EventDate "2014.04.16"]
[EventType "tourn (corr)"]
[EventRounds "8"]
[EventCountry "GER"]
[SourceTitle "Corr 2015"]
[Source "ChessBase"]
[SourceDate "2015.07.17"]
[SourceVersion "1"]
[SourceVersionDate "2015.07.17"]
[SourceQuality "1"]

1. e4 c5 2. Nf3 e6 3. d4 cxd4 4. Nxd4 a6 5. Bd3 Nf6 6. 0-0 e5 7. Bg5 h6 8. Bxf6 Qxf6 9. Nf5 g6 10. Ne3 Bc5 11. Nc3 d6 12. Ncd5 Qd8 13. b4 Ba7 14. Qd2 Be6 15. Rad1 0-0 16. Kh1 Nd7 17. Bc4 a5 18. a3 Kg7 19. Qd3 Rc8 20. Bb3 axb4 21. axb4 Nf6 22. Nxf6 Qxf6 23. Nd5 Qh4 24. f4 Bd4 25. f5 Bxd5 26. Bxd5 Rc3 27. Qe2 Qh5 28. g4 Qh3 29. fxg6 f6 30. Bxb7 1/2-1/2

[Event "GER-ch46 V10 email"]
[Site "GER email"]
[Date "2014.04.03"]
[Round "?"]
[White "Wurtinger, Rainer"]
[Black "Stieger, Helmut G"]
[Result "1/2-1/2"]
[WhiteElo "2090"]
[BlackElo "2197"]
[PlyCount "142"]
[EventDate "2014.04.16"]
[EventType "tourn (corr)"]
[EventRounds "8"]
[EventCountry "GER"]
[SourceTitle "Corr 2020"]
[Source "ChessBase"]
[SourceDate "2019.09.30"]
[SourceVersion "1"]
[SourceVersionDate "2019.09.30"]
[SourceQuality "1"]

1. d4 d5 2. c4 e6 3. Nf3 c6 4. Nc3 dxc4 5. a4 Bb4 6. e3 b5 7. Bd2 a5 8. axb5 Bxc3 9. Bxc3 cxb5 10. b3 Bb7 11. bxc4 b4 12. Bb2 Nf6 13. Bd3 Nbd7 14. 0-0 0-0 15. Nd2 Qc7 16. Bc2 Rfd8 17. f3 h5 18. Bb3 Bc6 19. Kh1 h4 20. Re1 Nf8 21. Bc2 Ng6 22. h3 Ne7 23. Kg1 Qa7 24. Ba4 Bxa4 25. Qxa4 Qb7 26. Nb3 Qc7 27. Rac1 Qg3 28. Nd2 Nf5 29. Rcd1 Qd6 30. c5 Qa6 31. Nb3 Ng3 32. Nc1 Nd5 33. Nd3 Ne7 34. Kf2 Rab8 35. e4 Qb5 36. Qxb5 Rxb5 37. Ra1 Nc6 38. Ke3 g5 39. Nc1 Nh5 40. Re2 Nf4 41. Rd2 b3 42. Ra3 Rdb8 43. Nd3 f6 44. Ra4 Kf7 45. Rc4 Ke7 46. Nxf4 gxf4+ 47. Kd3 Nb4+ 48. Kc3 Nc2 49. c6 Ne3 50. Ba3+ Ke8 51. c7 Rc8 52. Rc5 Rb7 53. d5 Rcxc7 54. Rxc7 Rxc7+ 55. Kxb3 a4+ 56. Ka2 exd5 57. exd5 Rg7 58. Bb2 Rg6 59. Rd4 Rxg2 60. Kb1 Rg1+ 61. Ka2 Rg3 62. Rxf4 Nxd5 63. Rxa4 Rxh3 64. Ra5 Ne7 65. Bxf6 Kf7 66. Bg5 Rh2+ 67. Kb3 h3 68. Kc3 Rh1 69. Bd2 Rf1 70. Rh5 Rxf3+ 71. Kd4 Kg6 1/2-1/2